| 000 | 00516nam a22001457a 4500 | ||
|---|---|---|---|
| 999 |
_c130431 _d130431 |
||
| 008 | 200319b ||||| |||| 00| 0 eng d | ||
| 050 | _aBV2061.D533 | ||
| 100 |
_aDharmaraj, Glory E. _949722 |
||
| 245 |
_aA theology of mutuality _ba paradigm for mission in the twenty-first century _cGlory E. Dharmaraj and Jacob S. Dharmaraj |
||
| 260 |
_aNew York _bUnited Methodist Women _c2014 |
||
| 300 |
_a174p. ; _c23cm. |
||
| 650 |
_aMissions _xTheory _949723 |
||
| 700 |
_aDharmaraj, Jacob S. _949724 |
||
| 942 |
_2lcc _cMONOGRAPH |
||